| 000 | 00946nam a2200265 a 4500 | ||
|---|---|---|---|
| 001 | BRCA_4671 | ||
| 005 | 20190320204747.0 | ||
| 008 | 300910s1999----sp-a######---#000-0#spa-# | ||
| 020 | _a8488333315 | ||
| 041 | _aspa | ||
| 044 | _asp | ||
| 050 | 4 |
_aPQ6419 _b.C84 1999 |
|
| 100 | 1 |
_aCuesta Torre, Ma. Luzdivina _911846 |
|
| 245 | 1 | 0 |
_aTristán de Leonís el joven _b(Sevilla, Dominico de Robertis, 1534) : guía de lectura _cpor Ma. Luzdivina Cuesta Torre. |
| 260 |
_aAlcalá de Henares [España] _bCentro de Estudios Cervantinos _c1999 |
||
| 300 |
_a102 p. _bil. _c24 cm. |
||
| 440 | 0 |
_aGuías de lectura caballeresca _v35 _911847 |
|
| 500 | _aIncluye índice general de la colección | ||
| 504 | _aBibliografía: p. [95]-97 | ||
| 650 | 1 | 4 |
_aTristán (Personaje legendario) _vRomances _xHistoria y crítica _911848 |
| 650 | 1 | 4 |
_aRomances _xHistoria y crítica _911849 |
| 650 | 1 | 4 |
_aLiteratura _zEspaña _911850 |
| 902 | _aCERV | ||
| 942 |
_2lcc _cB |
||
| 999 |
_c4372 _d4372 |
||